| 000 | 00279 a2200085 4500 | ||
|---|---|---|---|
| 100 | 1 |
_aOstroumov, G.A.. _eAutor |
|
| 245 | 0 |
_aOsnovy nelinejnoj akustiki / _cOstroumov G.A.. |
|
| 710 | 2 |
_aIzd. Leningr. Univer.. _eWydawca _4pbl |
|
| 260 |
_aLeningrad : _bIzd. Leningr. Univer., _c1967. |
||
| 300 |
_a131 s.; _c24 cm. |
||
| 999 |
_c10051 _d10051 |
||